IPS e.max (Registro nro. 10965)
[ vista simple ]
| 000 -CABECERA | |
|---|---|
| campo de control de longitud fija | 00576nam a2200229 4500 |
| 005 - FECHA Y HORA DE ACTUALIZACIÓN | |
| campo de control | 20180806105929.0 |
| 008 - LONGITUD FIJA | |
| campo de control de longitud fija | 180806b xxu||||| |||| 00| 0 spa d |
| 041 ## - IDIOMA | |
| Código de idioma del texto/pista de sonido o título separado | |
| 082 ## - CLASIFICACIÓN DECIMAL DEWEY | |
| Número de clasificación | 617.695 B891i |
| 100 ## - AUTOR PERSONAL | |
| Nombre de persona | Bruguera, August |
| 245 ## - TÍTULO PROPIAMENTE DICHO | |
| Título | IPS e.max |
| 260 ## - PIE DE IMPRENTA | |
| Lugar de publicación, distribución, etc. | Suiza |
| 260 ## - PIE DE IMPRENTA | |
| Nombre del editor, distribuidor, etc. | Ivoclar vivadent |
| 300 ## - DESCRIPCIÓN FÍSICA | |
| Extensión | 24 páginas |
| 650 ## - Materia General | |
| Materia general | MATERIALES DENTALES |
| 650 ## - Materia General | |
| Materia general | ESTÉTICA |
| 650 ## - Materia General | |
| Materia general | MECÁNICA DENTAL |
| 650 ## - Materia General | |
| Materia general | ZIRCONIO |
| 650 ## - Materia General | |
| Materia general | DISILICATO DE LITIO |
| 650 ## - Materia General | |
| Materia general | CAD/CAM |
| 942 ## - Punto de Acceso Adicional Koha | |
| Tipo de ítem Koha | Libro |
| Estado perdido | Estado dañado | No para préstamo | Biblioteca permanente | Biblioteca actual | Signatura completa | Código de barras | Precio efectivo a partir del | Tipo de ítem |
|---|---|---|---|---|---|---|---|---|
| Departamento de Biblioteca y Documentación Alfonso Chase Brenes | Departamento de Biblioteca y Documentación Alfonso Chase Brenes | 617.695 B891i | 23281 | 06/08/2018 | Libro |